000 00776nam a2200265 a 4500
008
020 _a0733606555 (pbk. )
049 _aMAIN
090 _aHF336 BEA
100 1 _aBeazer, Margaret.
245 1 0 _aEveryday commerce.
260 _aRydalmere :
_bHodder Education,
_c1996.
300 _axxiii, 520 p. ;
_bill. ,
_c25 cm.
500 _aIncludes index.
650 1 _aBusiness
_xjuvenile literature
650 1 _aEconomics
_xjuvenile literature
650 1 _aCommerce
_xjuvenile literature
_zAustralia
650 1 _aLaw
_xjuvenile literature
_zAustralia
650 1 _aGeography
_xhuman
907 _a.b10234639
_b22-02-07
_c22-02-07
003
005 20230123134410.0
040 _cNUST
942 _cBOOKS
_kHF336 BEA
999 _c165226
_d165226